Country flags: Gold, Red and Green - Statistics

General Stats
  • This quiz has been taken 53 times
  • The average score is 6 of 13
Answer Stats
Answer % Correct
Mali
80%
Guinea
76%
Senegal
66%
Cameroon
62%
Benin
56%
Bolivia
56%
Republic of the Congo
48%
Burkina Faso
44%
Lithuania
40%
Mauritania
36%
Grenada
18%
Portugal
14%
Sri Lanka
10%
No matching quizzes found
Score Distribution
Percent of People with Each Score
Percentile by Number Answered
Your Score History
You have not taken this quiz